000
00315nam a22001337a 4500
008
180911b xxu||||| |||| 00| 0 eng d
020
_a
180782765200199500000000
041
_a
eng
080
_a
612.39
100
_a
10
101
_a
NUT
245
_a
The New Optimum Nutrition Bible
_c
Holford, P
942
_2
udc
_c
BK
999
_c
47685
_d
47685